Child development
Збережено в:
| Автор: | |
|---|---|
| Формат: | Книга |
| Мова: | Англійська |
| Опубліковано: |
McGraw Hill Education
2021
|
| Теги: |
Додати тег
Немає тегів, Будьте першим, хто поставить тег для цього запису!
|
MARC
| LEADER | 00000nam a22000007a 4500 | ||
|---|---|---|---|
| 008 | 240229b |||||||| |||| 00| 0 eng d | ||
| 020 | |a 9781260571462 | ||
| 100 | |a SANTROCK, John W. |a Deater-Deckard, Kirby |a Lansford, Jennifer E. | ||
| 245 | |a Child development |c /John W.Santrock,Kirby Deater-Deckard, Jennifer E. Lansford |g xli, 495p;ill | ||
| 250 | |b 15th | ||
| 260 | |b McGraw Hill Education |c 2021 |h New York |i 700350 |i 700351 |i 700352 |l RJ131.Sa5 |m Child development |m Child psychology | ||
| 500 | |a it includes index | ||
| 942 | |a lcc |c BK |e Johnson |f 29/02/24 | ||
| 952 | |0 0 |1 0 |2 lcc |4 0 |6 RJ0131 S A5 |7 0 |9 4924 |a HE |b HOL |c QZ |d 2024-02-29 |l 0 |o RJ131.Sa5 |p 2024-0175 |r 2024-02-29 00:00:00 |t 700350 |w 2024-02-29 |y BK | ||
| 952 | |0 0 |1 0 |2 lcc |4 0 |6 RJ0131 S A5 |7 0 |9 4925 |a HOL |b HOL |c QZ |d 2024-02-29 |l 0 |o RJ131.Sa5 |p 2024-0176 |r 2024-02-29 00:00:00 |t 700351 |w 2024-02-29 |y BK | ||
| 952 | |0 0 |1 0 |2 lcc |4 0 |6 RJ0131 S A5 |7 0 |9 4926 |a HOL |b HOL |c QZ |d 2024-02-29 |l 0 |o RJ131.Sa5 |p 2024-0177 |r 2024-02-29 00:00:00 |t 700352 |w 2024-02-29 |y BK | ||
| 999 | |c 2444 |d 2444 | ||